<The> Economic importance of the protection of the intangible property, context of protection origin, development and current state

Pôvod, vývoj a súčasný stav ochrany nehmotného majetku. Príklady podhodnotenia hospodárskeho vplyvu nesprávneho rozhodnutia o ochrane nehmotného majetku alebo poškodenia značky.

Saved in:
Bibliographic Details
Main Author: Poláčková, Hana, 1968-
Format: Book Chapter
Language:English
Subjects:
Tags: Add Tag
No Tags, Be the first to tag this record!

MARC

LEADER 00000nla a2200000 4500
001 0237424
005 20240502083634.9
041 0 |a eng 
044 |a CZ 
245 1 0 |a <The> Economic importance of the protection of the intangible property, context of protection origin, development and current state  |c Hana Poláčková 
520 |a Pôvod, vývoj a súčasný stav ochrany nehmotného majetku. Príklady podhodnotenia hospodárskeho vplyvu nesprávneho rozhodnutia o ochrane nehmotného majetku alebo poškodenia značky. 
610 2 0 |a majetok nehmotný 
610 2 0 |a vlastníctvo duševné 
610 2 0 |a vlastníctvo priemyselné 
610 2 0 |a patenty 
610 2 0 |a právo patentové 
610 2 0 |a ochrana vlastníctva 
610 2 0 |a ochrana autorstva 
610 2 0 |a ochrana práv priemyselných 
610 2 0 |a právo vlastnícke 
610 2 0 |a právo 
610 2 0 |a história 
100 1 |a Poláčková, Hana, 1968-